000 00514nam a22001817a 4500
003 UA-OsUOA
001 13274
007 ta
008 20030424b un ||||| |||| 00| 0 ukr d
100 _aТубіна С.
942 _cSA
040 _aUA-OsUOA
_cUA-OsUOA
_dUA-OsUOA
245 _a"Події на Волині : як жити з цим тягарем?"
300 _aС.2
955 _a0
773 0 _w0
_tВісті Рівненщини
_dРівне
_d2003
_g№33/18 квіт./
650 7 _aАкадемії
_2UDC
999 _c299435
_d299435